00501nam a2200181Ia 450000500170000000800410001704000190005804100120007708200130008910000250010224500740012725000220020126000430022330000150026665000140028165100140029585000100030920240115114134.0131103s9999 xx 000 0 und d aLoreto College aEnglish a370bGRI aGriswold, A. Whitney aLiberal Education and the Democratic Ideal, b cA. Whitney Griswold aand other essays  aNew HavenbYale University Pressc1959 aix,136 p.  aEducation aEducation aLCLIB